00441nam a2200145Ia 4500003000400000008004100004040001600045082001800061100004100079245008600120300001100206490001600217650002800233650003400261GCL140319s9999 xx 000 0 ara d aGCL / cGCL04a813.03bا ن1 aاسماعيل فهد اسماعيل10aالنيل الطعم والرائحة / cاسماعيل فهد اسماعيل a255 ص aكتابv004aالادب العربى04aالقصص الروائية